Maintaining and restoring balance in international payments /

Na minha lista:
Detalhes bibliográficos
Autor principal: Fellner, William
Autor Corporativo: Organisation for Economic Co-operation and Development
Outros Autores: Fellner, William, 1905-
Formato: Livro
Idioma:English
Publicado em: Princeton, N.J. : Princeton University Press, 1966.
Assuntos:
LEADER 01233nam a22002651a 4500
001 c000117803
003 CARM
005 20000501095232.0
008 851211s1966 nju b 001 0 eng d
019 1 |a 9364485  |z 28130857  |z 4164532  |z 25014235  |z 12604221  |z 27510071  |z 55517309  |5 LACONCORD2021 
035 |a (OCoLC)250437  |5 LACONCORD2021 
040 |a NZOC  |b eng  |c NZOC  |d XNTU 
082 0 4 |a 332.152  |2 20 
100 1 |a Fellner, William. 
245 0 0 |a Maintaining and restoring balance in international payments /  |c William Fellner ... [et al.]. 
260 |a Princeton, N.J. :  |b Princeton University Press,  |c 1966. 
300 |a ix, 259 p. ;  |c 22 cm 
500 |a Revised versions of 17 papers prepared for a symposium held at the invitation of the Organisation for Economic Co-operation and Development. 
504 |a Includes bibliographical references and index. 
650 0 |a Balance of payments. 
700 1 |a Fellner, William,  |d 1905- 
710 2 |a Organisation for Economic Co-operation and Development. 
852 8 |b CARM  |h A2:AH20B0  |i B03926  |p 0185067  |f BK 
999 f f |i 50198502-1460-53bf-ae4c-2169016f0797  |s 9adea725-4342-5a21-9e01-7056f5fe7905 
952 f f |p Can circulate  |a CAVAL  |b CAVAL  |c CAVAL  |d CARM 1 Store  |e B03926  |f A2:AH20B0  |h Other scheme  |i book  |m 0185067